Caricamento...

Personnel administration in India

Dettagli Bibliografici
Autore principale: Ghosh, P.
Natura: Printed Book
Lingua:English
Pubblicazione: New Delhi Sudha publications 1969
Soggetti:
LEADER 00526nam a22001577a 4500
005 20151215125400.0
008 091203t xxu||||| |||| 00| 0 eng d
082 |a 658.300 989  |b GHO 
100 |a Ghosh, P.  |9 11869 
245 |a Personnel administration in India 
300 |a xiv, 440p 
653 |a Personnel administration 
942 |c BK  |6 _ 
260 |a New Delhi  |b Sudha publications  |c 1969 
999 |c 102880  |d 102880 
952 |0 0  |1 0  |2 ddc  |4 0  |6 32084_JAI  |7 0  |9 129890  |a SMS  |b SMS  |c GEN  |d 2009-12-03  |o 320.84 JAI  |p SMS006374  |r 2009-12-03  |w 2009-12-03  |y BK